00831nam a2200217 i 450000100060000000300090000600500170001500700030003200800410003510000430007624501110011925000260023026000620025630000220031849000260034070000440036683000340041085200310044499900170047595201210049250785ES-MaACL20240117062947.0t|030806s1952 sp ||||1| spa d aChallaye, Felicien,d1875-1967918662010aHistoria de la propiedad / cFelicien Challaye ; versión española de F. X. González Díaz Lombardo. a[1ª ed. española]. aBarcelona : bSalvat, c[1952] (fImp. Hispano-Americana) a150 p. ; c18 cm.1 aSurco. Serie H ; v761 aGonzález Díaz Lombardo, F.X.9585990 aSurco. Serie H ; v769230146 aES-MaACLjD-8826 bR.33965 c50785d50785 00104070aATENEOMbATENEOMcSVId2008-01-17eSCl0oD-8826p901053415r2023-02-23 00:00:00w2023-02-23yMONOGRAFIA